Statistics for English Football Clubs Founding Dates

Click here to take the quiz!

General Stats

  • This quiz has been taken 5 times
  • The average score is 6 of 18

Answer Stats

HintAnswer% Correct
Stoke City1863
60%
Reading FC1871
60%
Middlesbrough FC1876
60%
Everton1878
60%
Blackburn Rovers1875
40%
Derby County1884
40%
Sheffield United1889
40%
Liverpool1892
40%
Wigan Athletic1932
40%
Preston North End1880
20%
Leyton Orient1881
20%
Queens Park Rangers1882
20%
Bristol Rovers1883
20%
Luton Town1885
20%
Barnsley FC1887
20%
Manchester City1894
20%
Portsmouth FC1898
20%
Huddersfield Town1908
20%

Score Distribution

Percentile by Number Answered

Percent of People with Each Score

Your Score History

You have not taken this quiz